Movies Quiz

Random Movies or Food Quiz

Breakfast at the Movies Quiz Stats

 Plays Quiz Updated Apr 20, 2018

Challenge
Share
Tweet
Score 0/20 Timer 08:00
16 Plays Today
% Correct
Elf
93.2%
Pulp Fiction
86.4%
Casper
86.1%
Rocky
85.2%
V For Vendetta
84.1%
Breakfast at Tiffany's
83.1%
Groundhog Day
83%
Knocked Up
74.5%
Reservoir Dogs
71.6%
The Parent Trap
70.5%
% Correct
Honey, I Shrunk the Kids
60.7%
Wedding Crashers
59.9%
Kramer vs. Kramer
51.8%
Pleasantville
49.4%
Aliens
47.9%
Matilda
47.3%
Marie Antoinette
46.3%
Taxi Driver
39.2%
Pride and Prejudice
37.7%
Falling Down
36.7%

You're not logged in!

Compare scores with friends on all Sporcle quizzes.
OR
Log In

You Might Also Like...

Show Comments

Extras

Top Quizzes Today


Score Distribution

Your Account Isn't Verified!

In order to create a playlist on Sporcle, you need to verify the email address you used during registration. Go to your Sporcle Settings to finish the process.

Report this User

Report this user for behavior that violates our Community Guidelines.

Details: